Normal view
MARC view
- Forester, C. S.
Entry Personal Name
001 - CONTROL NUMBER
- control field: 7956
003 - CONTROL NUMBER IDENTIFIER
- control field: NUST
005 - DATE AND TIME OF LATEST TRANSACTION
- control field: 20180102105224.0
008 - FIXED-LENGTH DATA ELEMENTS
- fixed length control field: 180102|| aca||aabn | a|a d
040 ## - CATALOGING SOURCE
- Original cataloging agency: NUST
- Transcribing agency: NUST
100 ## - HEADING--PERSONAL NAME
- Personal name: Forester, C. S.
- Fuller form of name: (Cecil Scott),
- Dates associated with a name: 1899-1966.
670 ## - SOURCE DATA FOUND
- Source citation: Work cat.: (NUST)0: Forester, C. S. (Cecil Scott), 1899-1966., Flying colours /, 1986
